Epcot Pavilion By Image Quiz Stats

 Plays Quiz not verified by Sporcle

Challenge
Share
Tweet
Score 0/20 Timer 07:00
1 Play Today
% Correct
Mexico
99.4%
Japan
96.6%
France
95.1%
China
91.9%
Morocco
89.3%
The Seas with Nemo and Friends
88.7%
Germany
88.7%
Mission: Space
87.4%
United Kingdom
86.9%
Canada
85.4%
% Correct
Test Track
79.9%
Norway
79.2%
Italy
78.4%
Imagination
74.3%
American Adventure
71.7%
The Land
68.7%
Innoventions
65.3%
Universe of Energy
62.1%
Wonders of Life
33%
Odyssey
26.1%

You're not logged in!

Compare scores with friends on all Sporcle quizzes.
OR
Log In

You Might Also Like...

Show Comments

Extras

Top Quizzes Today


Score Distribution

Your Account Isn't Verified!

In order to create a playlist on Sporcle, you need to verify the email address you used during registration. Go to your Sporcle Settings to finish the process.

Report this User

Report this user for behavior that violates our Community Guidelines.

Details: